| 000 | 05461 a2200421 4500 | ||
|---|---|---|---|
| 005 | 20090428112027.0 | ||
| 008 | 090428t xxu||||| |||| 00| 0 hin d | ||
| 010 | _aB-287130-145 | ||
| 020 |
_a9788186304778 _c500.00 |
||
| 035 | _aB-287130-145 | ||
| 037 | _bभारत पुस्तक भंडार | ||
| 040 |
_adpl _bhn |
||
| 082 | _a302.23 | ||
| 245 |
_aभारतीय मीडियाःअंतरंग पहचान / _cस्मिता मिश्र द्वारा संपादित |
||
| 250 | _a2 रा संस्क | ||
| 260 |
_aदिल्ली _bभारत पुस्तक भण्डार _c2008 |
||
| 270 |
_aई-1/265 ए, ब्लाक, सोनिया विहार _bदिल्ली _cदिल्ली _e110094 |
||
| 300 |
_a374पृ _c22 सेमी (सजिल्द) |
||
| 700 | _aमिश्र, स्मिता | ||
| 942 |
_k/ भारती _adpl _cHN _2ddc _h302.23 _mभारती |
||
| 999 |
_c12289 _d12289 |
||